000 00686nam2a2200217 4500
001 RU\NLR\BIBL_A\022789531
005 20260426073737.0
010 _a978-5-04-211088-7
035 _a(NLR Aleph) 022789531
090 _a13695600
_c13695600
100 _a20260420d2026 u y0rusy50 ca
101 0 _arus
_cfre
102 _aRU
105 _ay z 000 y
200 0 _aТ. 2
210 _d2026
461 0 _1001RU\NLR\BIBL_A\022748562
_12001#$aОтверженные$vТ. 2
_913688523
_aГюго, В. (1802-1885)
_cМосква
_d2026-
_fВиктор Гюго
_nЭксмо
_o[роман]
_tОтверженные
_vТ. 2
852 _aNLR
_j2026-3/4638
942 _cBOOK
980 _aNB